Transparencia y democracia : claves para un concierto /

Colección que reflexiona sobre la importancia central que la transparencia y rendición de cuentas ocupa en la construcción y consolidación de las democracias, en tanto que vuelve real el derecho a la información de los ciudadanos. La serie aborda tanto la dimensión teórico-filosófica del asunto, com...

詳細記述

保存先:
書誌詳細
第一著者: Aguilar Rivera, José Antonio (autor)
フォーマット: 図書
言語:スペイン語
出版事項: México : IFAI, 2007, c2007
版:2a edición
シリーズ:(Cuadernos de Transparencia ; 10)
主題:
タグ: タグ追加
タグなし, このレコードへの初めてのタグを付けませんか!

MARC

LEADER 00000nam^a2200000^a^4500
001 000282375
005 20250521000000.0
009 20260526134604.183
020 |a 968-5954-28-3 
025 |a Donación José Bautista, 4 ejemplares 
037 |a Acervo ITESO - Biblioteca 
041 |a ESP 
082 |a 343. 0995  |b CUA V. 10 
100 |a Aguilar Rivera, José Antonio  |e (autor) 
245 1 0 |a Transparencia y democracia :  |b claves para un concierto /  |c J.A. Aguilar Rivera. 
250 |a 2a edición 
264 4 |a México :  |b IFAI,  |c 2007, c2007 
300 |a 36 p. 
336 |a texto  |b txt  |2 rdacontenido 
337 |a sin mediación  |b n  |2 rdamedio 
338 |a volumen  |b nc  |2 rdasoporte 
440 1 |a (Cuadernos de Transparencia ;  |v 10) 
520 |a Colección que reflexiona sobre la importancia central que la transparencia y rendición de cuentas ocupa en la construcción y consolidación de las democracias, en tanto que vuelve real el derecho a la información de los ciudadanos. La serie aborda tanto la dimensión teórico-filosófica del asunto, como aspectos prácticos del tema, tanto genéricos como referidos a México. 
649 |a XX 
650 |a Transparencia Administrativa -  |x Teoría -  |x Tema Principal 
650 |a Democracia -  |x Teoría 
650 |a Derecho a la Información -  |x Teoría 
650 |a Comunicación y Política -  |x Teoría 
650 |a Administración Pública -  |z Teoría 
650 |a Política -  |x Teoría 
910 |a Fondo General 
920 |a Impresos - Libros 
930 |a Colección General 
905 |a 101 
901 |a 0500168881  |b IT1  |c ACC  |u 20250521 
901 |a 0500168878  |b IT1  |c ACC  |u 20250521 
901 |a 0500168875  |b IT1  |c ACC  |u 20250521 
901 |a 0500168872  |b IT1  |c ACC  |u 20250521 
902 |a https://opac.biblio.iteso.mx/vufind/Record/000282375